1822 1128 1163 1736 1093 1253 1361 1452 1640 1530 1541 1968 1422 1191 1231 1034 1068 1440 1671 1090 1209 1199 1195 1285 1624 1428 1517 1726 1249 1646 1421 1533 1845 1722 1149 1279 1155 1929 1130 1186 1028 1921 1009 1485 1565 1739 1812 1475 1245 1171 1007 1753 1930 1514 1896 1816 1314 1470 1382 1583 1085 1933 1594 1554 1603 1233 1176 1774 1668 1166 1988 1487 1717 1626 1913 1046 1530 1896 1386 1963 1175 1600 1181 1456 1661 1413 1604 1951 1858 1420 1785 1769 1446 1438 1114 1820 1597 1641 1793 BCNSPRNW ULIB Ver.6.0+V

เปลี่ยนเป็นภาษาไทย

Change to English
 แสดงรายละเอียดบรรณานุกรม
  กลับหน้าหลัก

Brief Record : Get Marc (ISO 2709) : E-mail record : QR code < ปิดหน้าต่าง
LEADER : 00000nam 2200000uu 4500
001    13399111818
003     ULIB
008    110708s2549||||th 000 0 tha d
020    9749414098
050  4 DS578.32^bม153ช 2549
100 0  มนตรี แสนสุข
245 10 ชีวิตนอกบ้าน ปุระชัย เปี่ยมสมบูรณ์อยู่อย่างไรในนิวซีแลนด์/^cเรียบเรียงโดย, มนตรี แสนสุข
250    พิมพ์ครั้งที่ 1
260    กรุงเทพฯ :^bอนิเมทกรุ๊ป,^c2549
300    245 หน้า :^bภาพประกอบ (สีบางภาพ) ;^c21 ซม.
600 07 ปุระชัย เปี่ยมสมบูรณ์,^d2493-
650  4 การศึกษา^zนิวซีแลนด์
650  4 ชีวประวัติ
651  7 นิวซีแลนด์^xภูมิประเทศและการท่องเที่ยว
945    ^p170^l0^i019032
995    ทศพร
999 ^a ใช้งานได้ทุกระบบ
รายการนี้ยังไม่มีแท็ก
คุณยังไม่ได้ล็อกอิน คุณสามารถมีกิจกรรมร่วมกับเว็บไซต์ได้ แต่ต้องล็อกอินก่อน ::
  ล็อกอิน

รายการสื่อสารสนเทศ

ลำดับที่ ประเภท เลขเรียก/บาร์โค้ด สถานที่ สถานะ
- ไม่พบข้อมูล -

รายการใกล้เคียง
    หัวเรื่อง [ชีวประวัติ]

BibComment


ยังไม่เคยถูกคอมเมนท์

คอมเมนท์ทรัพยากรรายการนี้
  คอมเมนท์: ชีวิตนอกบ้าน ปุระ..


 Copyright 2026. Bcnsprnw @Library